00345nam a2200109Ia 4500008004100000020001800041040002900059050002100088100001600109245008200125260002800207230107s9999||||xx |||||||||||||| ||und|| a81-7992-588-9 cChuka University Library aH D31 bL34 2008 aLaferla,Ray 4aThe management Edge:leading edge strategies for achieving sustainable results aLonghornbNairobic2008